Basic electrical engineering (Record no. 7166)

000 -LEADER
fixed length control field 00658nam a2200217 4500
001 - CONTROL NUMBER
control field 7166
003 - CONTROL NUMBER IDENTIFIER
control field BD-DhUET
008 - FIXED-LENGTH DATA ELEMENTS--GENERAL INFORMATION
fixed length control field 740521s1975 nyua 001 0 eng
020 ## - INTERNATIONAL STANDARD BOOK NUMBER
International Standard Book Number 0070211523
040 ## - CATALOGING SOURCE
Original cataloging agency DLC
Transcribing agency DLC
Modifying agency BD-DhUET
082 00 - DEWEY DECIMAL CLASSIFICATION NUMBER
Classification number 623
Item number FIT/1975
100 1# - MAIN ENTRY--PERSONAL NAME
Personal name Fitzgerald, A. E.
245 10 - TITLE STATEMENT
Title Basic electrical engineering
Remainder of title circuits,electronics,machines,control
Statement of responsibility, etc. by A. E. Fitzgerald, David E. Higginbotham and Arvin Grabel
250 ## - EDITION STATEMENT
Edition statement 4th ed.
260 ## - PUBLICATION, DISTRIBUTION, ETC. (IMPRINT)
Place of publication, distribution, etc. New York
Name of publisher, distributor, etc. McGraw-Hill
Date of publication, distribution, etc. 1975
300 ## - PHYSICAL DESCRIPTION
Extent xiv, 817 p.
Other physical details illus.
Dimensions 24 cm.
650 #0 - SUBJECT ADDED ENTRY--TOPICAL TERM
Topical term or geographic name as entry element Electricity : Engineering
700 ## - ADDED ENTRY--PERSONAL NAME
Personal name Higginbotham, David E.
700 ## - ADDED ENTRY--PERSONAL NAME
Personal name Grabel, Arvin
942 ## - ADDED ENTRY ELEMENTS (KOHA)
Koha item type General Book
Holdings
Source of classification or shelving scheme Not for loan Koha item type Shelving location Koha normalized classification for sorting Koha issues (times borrowed) Koha date last borrowed Location (home branch) Lost status Koha date last seen Damaged status Sublocation or collection (holding branch) Withdrawn status Price effective from Piece designation (barcode) Koha full call number Date acquired Copy number
  General BookCirculation section623PIT197512018-07-21Central Library, BUET 2018-08-04 Central Library, BUET 2014-12-0765364623/PIT/19752014-12-071
  General BookCirculation section623_000000000000000_PIT_1975  Central Library, BUET 2015-03-12 Central Library, BUET 2015-03-1243309623/PIT/19752015-03-122
  General BookCirculation section623_000000000000000_PIT_1975  Central Library, BUET 2015-03-12 Central Library, BUET 2015-03-1243314623/PIT/19752015-03-123
  General BookCirculation section623_000000000000000_PIT_1975  Central Library, BUET 2015-03-12 Central Library, BUET 2015-03-1243676623/PIT/19752015-03-124
  General BookCirculation section623_000000000000000_PIT_1975  Central Library, BUET 2015-03-12 Central Library, BUET 2015-03-1242843623/PIT/19752015-03-125
  General BookCirculation section623_000000000000000_FIT_1975  Central Library, BUET 2015-04-16 Central Library, BUET 2015-04-1643308623/FIT/19752015-04-166
  General BookCirculation section623_000000000000000_FIT_1975  Central Library, BUET 2015-04-18 Central Library, BUET 2015-04-1843316623/FIT/19752015-04-187
  General BookCirculation section623_000000000000000_FIT_1975  Central Library, BUET 2015-04-21 Central Library, BUET 2015-04-2143310623/FIT/19752015-04-218
  General BookCirculation section623_000000000000000_FIT_1975  Central Library, BUET 2015-04-21 Central Library, BUET 2015-04-2143677623/FIT/19752015-04-219
  General BookCirculation section623_000000000000000_FIT_1975  Central Library, BUET 2015-04-21 Central Library, BUET 2015-04-2143313623/FIT/19752015-04-2110
  General BookCirculation section623_000000000000000_FIT_1975  Central Library, BUET 2015-04-21 Central Library, BUET 2015-04-2143307623/FIT/19752015-04-2111
  General BookCirculation section623_000000000000000_FIT_1975  Central Library, BUET 2015-04-21 Central Library, BUET 2015-04-2151101623/FIT/19752015-04-2112
  Reading ItemReading section623_000000000000000_FIT_1975  Central Library, BUET 2015-06-28 Central Library, BUET 2015-06-2842841623/FIT/19752015-06-2813
  Reading ItemReading section623_000000000000000_FIT_1975  Central Library, BUET 2015-06-28 Central Library, BUET 2015-06-2842840623/FIT/19752015-06-2814
  Reading ItemReading section623_000000000000000_FIT_1975  Central Library, BUET 2015-06-28 Central Library, BUET 2015-06-2843679623/FIT/19752015-06-2815